000
00204 a2200085 4500
020
_a
11 9780262701150
100
_a
JOHN THACKARA
245
_a
IN THE BUBBLE: DESIGNING IN A COMPLEX WORLD
260
_b
MIT PRESS
999
_c
13085
_d
13085